Семенов Тян-Шанский /член Государственного Совета/. Благодарность за письмо, посвященное памяти Владимира Ивановича Семенова и о...

Доступно только в Электронных читальных залах Найти на картеНа карте
RUSMARC
00004661nac2a22003013x 450
001dd11b8c7-448a-49a5-85fb-a17fb1b1ca25
00520211210104621.0
100##$a20211120l1910 k y0rusy50 ca
1010#$arus
102##$aRU
105##$ay z |||||
1220#$ad19100505
2001#$aСеменов Тян-Шанский /член Государственного Совета/. Благодарность за письмо, посвященное памяти Владимира Ивановича Семенова и о кандидатах в Морское Министерство
$j05 мая 1910
215##$a2 листа
251##$cДело
300##$aЗаголовок дела на папке: Письмо Семенова Тян-Шанского - Звегинцеву Ал. Ив. (Благодарность за письмо, посвященное памяти Владимира Ивановича Семенова и о кандидатах в Морское министерство)
300##$aРукописный текст
330##$aВходит в раздел описи: 1. Письма к А. И. Звегинцову. 2/ Письма по служебной деятельности А. И. Звегинцова
461#0$1001fc48e33c-c630-4015-85dd-2f2aab656f45
$12001
$aЗвегинцев Александр Иванович, помещик Воронежской губернии, депутат III Государственной думы, член партии "Союз 17 октября"
$1251
$cФонд
$1852
$j932
462#0$1001ddcf82e7-7bd9-4c5e-b7f1-85df8b3febb3
$12001
$aДела постоянного хранения. 1899-1913 гг.
$vД. 326
$1251
$cОпись
$1852
$j1
5171#$aПисьмо Семенова Тян-Шанского - Звегинцеву Ал. Ив. (Благодарность за письмо, посвященное памяти Владимира Ивановича Семенова и о кандидатах в Морское министерство)
600#1$aЗвегинцев
$bА. И.
$gАлександр Иванович
600#1$aСеменов-Тян-Шанский
600#1$aСеменов
$bВ. И.
$gВладимир Иванович
60101$3RU\NLR\AUTH\889944065
$aРоссия
$bМорское министерство
801#0$aRU
$bGA_RF
801#1$aRU
$bГлавНИВЦ
$c20211120
$2rusmarc
801#2$aRU
$bПБ им. Б.Н. Ельцина
$c20211210
$gRCR
$2rusmarc
852##$aГА РФ
$j326
937##$d171400833
$hГАРФ
035##$aRuPRLIB51062571
856##$uhttp://readingroom.main.prlib.ru/item.aspx?id_node=n171400833&mode=full
Формат отображения